Behavior of exceptional children : an introduction to special education /

Bibliographic Details
Other Authors: Haring, Norris G., 1923-
Format: Book
Language:English
Published: Columbus, Ohio : Merrill, [1974]
Subjects:

MARC

Tag First Indicator Second Indicator Subfields
LEADER 00000cam a2200000 4500
001 in00000196413
005 20151009051045.0
008 740603s1974 ohua b 00110 eng
010 |a  73094052  
020 |a 0675088093 
035 |a (OCoLC)00940491 
035 |9 AAV3323AM 
040 |a DLC  |c DLC  |d TXA  |d UtOrBLW 
049 |a TXAM  |c [925878] 
050 0 0 |a LC3965  |b .H29 
082 0 |a 371.9 
245 0 0 |a Behavior of exceptional children :  |b an introduction to special education /  |c Edited by Norris G. Haring. 
264 1 |a Columbus, Ohio :  |b Merrill,  |c [1974] 
300 |a viii, 597 pages :  |b illustrations ;  |c 24 cm. 
336 |a text  |b txt  |2 rdacontent 
337 |a unmediated  |b n  |2 rdamedia 
338 |a volume  |b nc  |2 rdacarrier 
504 |a Includes bibliographical references. 
650 0 |a Special education. 
650 0 |a Exceptional children. 
700 1 |a Haring, Norris G.,  |d 1923- 
999 |a MARS 
999 f f |s 503cd9b7-16c1-32f7-a922-568f9c6a94b8  |i a010e9ba-9978-3977-9e9e-0d5834cf21a6  |t 0 
952 f f |p normal  |a Texas A&M University  |b College Station  |c Sterling C. Evans Library  |d Evans: Library Stacks  |t 0  |e LC3965 .H29  |h Library of Congress classification  |i unmediated -- volume  |m A14803322733 
998 f f |a LC3965 .H29  |t 0  |l Evans: Library Stacks